02326nas a22002417a 4500999001700000005001700017007001200034008004100046022001400087040000900101082001600110245009800126260003800224300001600262310001500278365001600293500155300309650011001862651001601972655002001988856004602008942003002054 c40818d4081820200521140023.0cz aa aaaaa200428c f||poo|||| 00| 0 eng d a2664-7257 coclc a796bJOU/PE aInternational Journal of Physiology, Exercise and Physical Educationhe-Journal (Open Access) bPrime PublicationsaDelhi, India  aPDF(online) aSemiannual eOpen Access aInternational Journal of Physiology, Exercise and Physical Education is peer-reviewed journal publishing high quality research and review articles on all aspects of Adapted Physical Activity, Aerobic Exercise, Biophysical Investigation of Sports Performance, Combat Sports and Martial Arts, Design of sports Devices, Fitness-Tools Manufacturing Researches, Exercise Physiology, Games, Health Education, Individual Sports, Kinanthropometry, Kinesiology, Kinesiology, Market trends in sports, Military sports, Movement Science, Nutrition in Sports and Exercise, Philosophy of Sport, Physical Education, Physical Exercise and Health, Physical Fitness, Physiotherapy, Political Science of Sport, Sports Facilities, Sports History, Sports Information, Sports Medicine, Sports Therapy, Sports Injuries and Prevention (Spinal Injuries and Deformities, Rehabilitation, Arthoplasty, Arthritis, Autoimmune Connective Tissue Diseases & Disorders, Cartilage Regeneration, Musculoskeletal Physiotherapy, Injury Management, Foot & Ankle Disorders, Neuromotor Psychology, Neurorehabilitation Techniques, Orthopedics and Osteopathy, Muscle Hypertrophy), Sports Management, Sports Pedagogy, Sports Biomechanics, Sports Business & Sports Development, Sports in public/private sector, Sports Law, Sports Management, Sports Nutrition, Sports Psychology, Sports Science, Sports Sociology, Sports Statistics, Sports Tourism, Sports Training, Strength and Conditioning, Stress Management, Training and Judgements, Trekking & Bouldering, and Meditation & Yogic Psychology. 092462bArts & recreationvRecreational & performing artxAthletic & outdoor sports & games 092254aIndia 092257ae-Journal uhttp://www.physicaleducationjournals.com/ 2ddccEJh796k796mJOU/PE